MAASAI MARA UNIVERSITY

LIBRARY CATALOGUE

Contact Us: +254 020 2685356/7 or 0774 057787

Box: 861-20500, NAROK, KENYA

Email: info@mmarau.ac.ke

Kotler Philip (Record no. 4380)

MARC details
000 -LEADER
fixed length control field 00455nam a2200145Ia 4500
008 - FIXED-LENGTH DATA ELEMENTS--GENERAL INFORMATION
fixed length control field 151015s9999 xx 000 0 und d
020 ## - INTERNATIONAL STANDARD BOOK NUMBER
International Standard Book Number 135575621
050 ## - LIBRARY OF CONGRESS CALL NUMBER
Classification number RA 410.56.K68 1987
245 ## - TITLE STATEMENT
Title Kotler Philip
250 ## - EDITION STATEMENT
Edition statement _Marketing for Health Care Organizations / Philip Kotler
300 ## - PHYSICAL DESCRIPTION
Extent New Jersey, Prentice -Hall, 1987
500 ## - GENERAL NOTE
General note Includes index
650 ## - SUBJECT ADDED ENTRY--TOPICAL TERM
Topical term or geographic name as entry element _Marketing for Health Care Organizations
700 ## - ADDED ENTRY--PERSONAL NAME
Personal name ^d20130515 01:56:27^oanne

No items available.

© 2016 Maasai Mara University.